|
|
|
|
| LEADER |
01052nam a2200277 a 4500 |
| 001 |
2616572 |
| 008 |
100118s1998 dcua b i000 0 eng d |
| 010 |
|
|
|a \\\98036251
|
| 020 |
|
|
|a 0821342916
|
| 040 |
|
|
|a DLC
|c DLC
|d DLC
|d BD-DhAAL
|
| 082 |
0 |
0 |
|a 332.1/532
|2 21
|
| 100 |
1 |
|
|a Mathieu, Nicolas.
|
| 245 |
1 |
0 |
|a Financial sector reform :
|b a review of World Bank assistance /
|c Nicolas Mathieu.
|
| 260 |
|
|
|a Washington, D.C. :
|b World Bank,
|c 1998.
|
| 300 |
|
|
|a xvi, 85 p. :
|b ill. ;
|c 28 cm.
|
| 490 |
0 |
|
|a OED study series
|
| 500 |
|
|
|a At head of title: World Bank Operations Evaluation Department, OED.
|
| 500 |
|
|
|a "ISSN 1011-0984"--Verso t.p.
|
| 504 |
|
|
|a Includes bibliographical references (p. 61-64).
|
| 541 |
1 |
|
|e 00007288
|
| 650 |
|
0 |
|a Finance.
|
| 650 |
|
0 |
|a Financial institutions
|x Management.
|
| 610 |
2 |
0 |
|a World Bank.
|
| 852 |
4 |
|
|a Ayesha Abed Library
|j General shelf
|
| 999 |
|
|
|c 7045
|d 7045
|
| 952 |
|
|
|0 0
|1 0
|2 ddc
|4 0
|6 332_153200000000000_MAT_1998
|7 0
|9 7308
|a BRACUL
|b BRACUL
|c GEN
|d 2010-01-19
|l 0
|o 332.1532 MAT
|p 3010007288
|r 2010-01-19
|t 1
|w 2010-01-19
|y BK
|